MARC

LEADER 00000nam0a2200000 4500
001 326805
005 20231102003910.0
035 |a (RuTPU)RU\TPU\book\352465 
090 |a 326805 
100 |a 20170117d1946 km y0rusy50 ca 
101 0 |a rus 
102 |a RU 
105 |a ac z 001zy 
200 1 |a Иван Александрович Фомин  |f М. Ильин  |g Союз советских архитекторов 
210 |a Москва  |c изд-во Академии архитектуры СССР  |d 1946 
215 |a 51 с.  |c ил. 
225 1 |a Мастера советской архитектуры 
320 |a Библиогр.: с. 49-51 
600 1 |a Фомин  |b И. А.  |c советский архитектор  |f 1872-1936  |g Иван Александрович  |2 stltpush  |3 (RuTPU)RU\TPU\pers\46611 
606 1 |a Архитекторы  |2 stltpush  |3 (RuTPU)RU\TPU\subj\29463  |9 52780 
610 1 |a архитектура 
610 1 |a СССР 
610 1 |a 20 век 
610 1 |a история 
610 1 |a архитектурные ансамбли 
610 1 |a архитектурные проекты 
610 1 |a архитектурные сооружения 
610 1 |a персоналии 
675 |a 72.071  |v 4 
700 1 |a Ильин  |b М. 
712 0 2 |a Союз советских архитекторов  |c (Москва)  |c (1932-1955)  |2 stltpush  |3 (RuTPU)RU\TPU\col\26557  |9 28580 
801 1 |a RU  |b 63413507  |c 20170117 
801 2 |a RU  |b 63413507  |c 20201005  |g RCR 
942 |c BK